header

The world's youth (Record no. 60986)

MARC details
000 -LEADER
fixed length control field 01422nam a22003494a 4500
082 04 - DEWEY DECIMAL CLASSIFICATION NUMBER
Classification number 305.235
245 04 - TITLE STATEMENT
Title The world's youth
260 ## - PUBLICATION, DISTRIBUTION, ETC. (IMPRINT)
Place of publication Cambridge, UK ;
-- New York :
Name of publisher Cambridge University Press,
Year of publication 2002.
300 ## - PHYSICAL DESCRIPTION
Number of Pages xi, 369 p.
650 #0 - SUBJECT ADDED ENTRY--TOPICAL TERM
Topical Term Adolescence
Topical Term Youth
Topical Term Teenagers
700 1# - ADDED ENTRY--PERSONAL NAME
Personal name Brown, B. Bradford
Personal name Larson, Reed,
Personal name Saraswati, T. S.
856 40 - ELECTRONIC LOCATION AND ACCESS
Uniform Resource Identifier http://site.ebrary.com/lib/rucke/Doc?id=10030918

No items available.

© 2026 Rongo University
Contact us: librarian | system librarian | Rongo university